000 00288nam a22000977a 4500
005 20250901165239.0
008 210226b ||||| |||| 00| 0 eng d
050 _aQC71 .R36
245 _aThe new physics
_btalks on aspects of science
_cRAMAN, C.V.
942 _2lcc
_hQC71 .R36 1951
999 _c959
_d959